000 00991nam a22002777a 4500
001 05874
003 HDC
007 cr bn ---aaaaa
008 210121b19991999xxu||||| |||| 00| 0 eng d
020 _a9780849316654
040 _aHDC
100 _aHuang, Kee C.
_eauthor
_96161
245 0 _aAntitubercular Herbs
_c/ by Kee C. Huang
260 _aUnited States:
_bCRC Press,
_c1999
300 _a1 online resource (4 pages)
336 _atext
_2rdacontent
337 _acomputer
_2rdamedia
338 _aonline resource
_2rdacarrier
500 _aOriginally from: Biologically Active Natural Products: Agrochemicals, 1999
_aIncludes bibliographical references
650 _aAgricultural chemicals
_93063
650 _aChemistry, Pharmaceutical
_96160
856 _zRequest full-text at [email protected]
942 _2lcc
942 _cCHAP
942 _kEBCH 004185
999 _c3198
_d3198